| 000 | 01897nam0a22004091 4500 | ||
|---|---|---|---|
| 001 | rc\676379 | ||
| 005 | 20031121165821.0 | ||
| 035 | _a(NLR Aleph) 005914237 | ||
| 090 |
_a6408842 _c6408842 |
||
| 100 | _a20031121d1986 u |0rusy50 ca | ||
| 101 | 0 | _arus | |
| 102 | _aRU | ||
| 105 | _aa ||||||||| | ||
| 200 | 1 |
_aВ мороз _e[Рассказы _eДля сред. и ст. шк. возраста] _fРолен Нотман _g[Худож. Д.М. Меньшиков] |
|
| 210 |
_aНовосибирск _cКн. изд-во _d1986 |
||
| 215 |
_a116, [2] с. _cил. _d20 |
||
| 327 | 1 | _aСодерж.: Помощь фронту; Дом с верандой; Встреча на станции; Расчет; В мороз; Нюрка; Мальчишке имени мало; Философ; Гигантские шаги; Шведский велосипед; Сила воли; Одна, но пламенная страсть; "Запорожец за Дунаем"; Что в имени моем?.. | |
| 464 | 0 | _12001#$aПомощь фронту | |
| 464 | 0 | _12001#$aДом с верандой | |
| 464 | 0 | _12001#$aВстреча на станции | |
| 464 | 0 | _12001#$aРасчет | |
| 464 | 0 | _12001#$aВ мороз | |
| 464 | 0 | _12001#$aНюрка | |
| 464 | 0 | _12001#$aМальчишке имени мало | |
| 464 | 0 | _12001#$aФилософ | |
| 464 | 0 | _12001#$aГигантские шаги | |
| 464 | 0 | _12001#$aШведский велосипед | |
| 464 | 0 | _12001#$aСила воли | |
| 464 | 0 | _12001#$aОдна, но пламенная страсть | |
| 464 | 0 | _12001#$a"Запорожец за Дунаем" | |
| 464 | 0 | _12001#$aЧто в имени моем?.. | |
| 700 | 1 |
_aНотман _bР. К. _gРолен Константинович |
|
| 801 | 0 |
_aRU _bNLR _gpsbo |
|
| 801 | 1 |
_aRU _bELAR _2rusmarc |
|
| 852 |
_aNLR _j86-3/5789 |
||
| 942 | _cBOOK | ||
| 980 | _aNB | ||